Las sociedades anónimas de familia en el régimen de comunidad / (Registro nro. 5781)
[ vista simple ]
| 000 -LEADER | |
|---|---|
| fixed length control field | 01413nab a22002177a 4500 |
| 003 - CONTROL NUMBER IDENTIFIER | |
| control field | OSt |
| 005 - DATE AND TIME OF LATEST TRANSACTION | |
| control field | 20260106132558.0 |
| 008 - FIXED-LENGTH DATA ELEMENTS--GENERAL INFORMATION | |
| fixed length control field | 190514b xxu||||| |||| 00| 0 spa d |
| 040 ## - CATALOGING SOURCE | |
| Transcribing agency | PJ |
| 100 ## - MAIN ENTRY--PERSONAL NAME | |
| 9 (RLIN) | 6691 |
| Personal name | Calcaterra, Gabriela |
| 245 13 - TITLE STATEMENT | |
| Title | Las sociedades anónimas de familia en el régimen de comunidad / |
| Statement of responsibility, etc | Gabriela Calcaterra. |
| 300 ## - PHYSICAL DESCRIPTION | |
| Extent | p. 73-82 |
| 505 ## - FORMATTED CONTENTS NOTE | |
| Formatted contents note | Sumario: I. Las sociedades anónimas de familia.— II. Organización jurídica de la SA familiar.— III. Régimen patrimonial de la comunidad de bienes.— IV. Participación accionaria y comunidad de bienes.— V. Carácter de los dividendos percibidos por acciones propias.— VI. Carácter de las acciones que suscribe el accionista titular de acciones propias durante la vigencia de la comunidad de bienes.— VII. Adquisición de partes indivisas de acciones de la sociedad familiar.— VIII. Carácter del mayor valor que adquiera la participación societaria de carácter propio a lo largo de la vigencia del matrimonio.— IX. Conclusión. |
| 505 ## - FORMATTED CONTENTS NOTE | |
| Title | Si te interesa el texto, comunicate a koha@justierradelfuego.gov.ar |
| 650 #0 - SUBJECT ADDED ENTRY--TOPICAL TERM | |
| 9 (RLIN) | 967 |
| Topical term or geographic name as entry element | DERECHO DE FAMILIA |
| 650 #0 - SUBJECT ADDED ENTRY--TOPICAL TERM | |
| Topical term or geographic name as entry element | CODIGO CIVIL Y COMERCIAL |
| 9 (RLIN) | 1497 |
| 650 #0 - SUBJECT ADDED ENTRY--TOPICAL TERM | |
| Topical term or geographic name as entry element | SOCIEDAD ANONIMA |
| 9 (RLIN) | 1625 |
| 650 #0 - SUBJECT ADDED ENTRY--TOPICAL TERM | |
| Topical term or geographic name as entry element | RÉGIMEN DE COMUNIDAD DE BIENES |
| 9 (RLIN) | 5328 |
| 773 0# - HOST ITEM ENTRY | |
| Host Biblionumber | 2844 |
| Host Itemnumber | 3222 |
| Place, publisher, and date of publication | Buenos Aires : AbeledoPerrot, 1989- |
| Title | Derecho de familia. N° 115 - Julio 2024 |
| International Standard Book Number | 18511201 |
| 942 ## - ADDED ENTRY ELEMENTS (KOHA) | |
| Source of classification or shelving scheme | |
| Koha item type | Analítica Artículo de Revista |
No hay ítems disponibles.
